[Event "Open A"]
[Site "Pardubice CZE"]
[Date "2005.07.26"]
[Round "5"]
[White "Petr,J"]
[Black "Lerch,P"]
[Result "1-0"]
[WhiteElo "2196"]
[BlackElo "2291"]

1.e4 c5 2.Nf3 Nc6 3.Bb5 g6 4.c3 Bg7 5.O-O Nf6 6.Re1 O-O 7.d3 d6 8.h3 Bd7
9.Nbd2 Ne5 10.Bxd7 Nfxd7 11.d4 Nd3 12.Re3 Nxc1 13.Rxc1 Qb6 14.Qa4 Rfd8 15.Ree1 a6
16.Rb1 Qa7 17.e5 b5 18.Qd1 cxd4 19.cxd4 dxe5 20.dxe5 Nc5 21.Re2 Rac8 22.Qf1 Qb7
23.Nb3 Nxb3 24.axb3 Bh6 25.Qe1 Rd3 26.Qb4 Rxf3 27.gxf3 Qxf3 28.Qg4 Qa8 29.Qe4 Qa7
30.Rd1 e6 31.Rc2 Rxc2 32.Qxc2 Qe7 33.Qc8+ Bf8 34.Qd8 Qc5 35.Qd4 Qc2 36.Rd3 Qe2
37.Re3 Qh5 38.Kg2 Qg5+ 39.Rg3 Qe7 40.Qb6 h5 41.Qxa6 b4 42.Qa8 Kg7 43.Qf3 h4
44.Rg4 Kg8 45.Qe4 Qd7 46.Rxh4 Qd1 47.Qf3 Qd7 48.Rg4 Qc7 49.Qe4 Bg7 50.Qa8+ Bf8
51.Re4 Kg7 52.Qa6 Be7 53.Qc4 Qb7 54.Kg1 Qa7 55.Qe2 Qd7 56.h4 Qd5 57.Qf3 Bxh4
58.Rf4 Qxf3 59.Rxf3 Be7 60.Kf1 g5 61.Ke2 Kg6 62.Kd3 f5 63.exf6 Bxf6 64.Rxf6+ Kxf6
65.Kc4 Ke5 66.Kxb4 Kd4 67.Ka5 g4 68.b4 Kd5 69.b5 Kd6 70.b6 e5 71.Ka6  1-0

[Event "Open A"]
[Site "Pardubice CZE"]
[Date "2005.07.27"]
[Round "6"]
[White "Levushkina,E"]
[Black "Shirjaev,A"]
[Result "0-1"]
[WhiteElo "2227"]
[BlackElo "2311"]

1.e4 c5 2.Nf3 Nc6 3.Bb5 e6 4.O-O Nge7 5.Re1 Nd4 6.Nxd4 cxd4 7.c3 Nc6 8.d3 Bc5
9.Nd2 dxc3 10.bxc3 Qb6 11.d4 Qxb5 12.dxc5 Qxc5 13.Nb3 Qb6 14.Ba3 Ne5 15.Bc5 Qc6
16.f4 Nc4 17.Qd4 f6 18.Qxc4 b6 19.Rad1 bxc5 20.Qxc5 Qxc5+ 21.Nxc5 Ke7 22.e5 Rb8
23.Rd4 Rb5 24.Nb3 fxe5 25.fxe5 Rb6 26.Red1 Rb5 27.Re1 Rb6 28.Red1 Rb5 29.Re1 Bb7
30.c4 Rb4 31.Red1 Bc6 32.c5 Rxd4 33.Nxd4 Bd5 34.Nb5 Rb8 35.Nc3 Bc6 36.Rd4 Rb2
37.Rg4 g6 38.h4 Rc2 39.Rg3 Bxg2 40.Nb5 Rxc5 41.Nxa7 Bb7 42.Rb3 Ba6 43.Ra3 Bb7
44.Rb3 Bd5 45.Ra3 Rc1+ 46.Kf2 Rc2+ 47.Kg3 Bxa2 48.Nb5 Bd5 49.Re3 Rg2+ 50.Kf4 h5
51.Rg3 Rf2+ 52.Ke3 Rf5 53.Rg5 Rf3+ 54.Ke2 Rf4 55.Nd6 Rxh4 56.Rxg6 Rg4 57.Rxg4 hxg4
58.Kf2 Kd8 59.Kg3 Bf3 60.Kf4 Kc7 61.Nc4 Kc6 62.Nd6 Kd5 63.Nb5 Kc5 64.Nd6 Kd4
65.Nc8 Be2 66.Nd6 g3 67.Kxg3 Kxe5 68.Nb7 Kd4 69.Kf2 Bc4 70.Nd6 Kd5 71.Nf7 e5
72.Ke3 Ke6 73.Ng5+ Kf5 74.Ne4 Bd5 75.Ng3+ Ke6 76.Kd3 Ba2 77.Ne2 d5 78.Nc1 Bc4+
79.Kc3 Kf5 80.Kd2 Kf4  0-1

[Event "Open A"]
[Site "Pardubice CZE"]
[Date "2005.07.28"]
[Round "7"]
[White "Vavra,P1"]
[Black "Hausrath,D"]
[Result "0-1"]
[WhiteElo "2346"]
[BlackElo "2463"]

1.e4 c5 2.Nf3 Nc6 3.Bb5 Nf6 4.Nc3 Qc7 5.O-O Nd4 6.d3 Ng4 7.g3 Nxf3+ 8.Qxf3 Ne5
9.Qg2 e6 10.f4 Nc6 11.e5 Nd4 12.Bc4 Rb8 13.a4 a6 14.Ne4 b5 15.axb5 axb5 16.Ba2 h5
17.f5 Nxf5 18.Rxf5 exf5 19.Qf2 c4 20.Nd6+ Bxd6 21.exd6 Qc6 22.Qe2+ Kf8 23.Qe7+ Kg8
24.Qe8+ Kh7 25.Qxf7 Bb7 26.Qxf5+ Kg8 27.Qe4 Qxe4 28.dxe4 Bxe4 29.b3 Bxc2
30.bxc4 b4 31.Bb1 Bxb1 32.Rxb1 Kf7 33.Be3 b3 34.Kf2 Rhc8 35.c5 Ke6 36.Ke2 Kd5
37.Kd3 Rb4 38.Kc3 Rc4+ 39.Kb2 Rb8 40.Rd1+ Ke4 41.Bg1 Rc2+ 42.Kb1 Rb4 43.Re1+ Kd5
44.Re7 Re4  0-1

[Event "Open Dutch Championship"]
[Site "Dieren NED"]
[Date "2005.07.29"]
[Round "4"]
[White "Punt,R"]
[Black "Van Zutphen,J"]
[Result "0-1"]
[WhiteElo "2087"]
[BlackElo "2216"]

1.e4 c5 2.Nf3 Nc6 3.Bb5 g6 4.O-O Bg7 5.c3 Nf6 6.Re1 O-O 7.d4 cxd4 8.cxd4 d5
9.e5 Ne4 10.Nc3 Nxc3 11.bxc3 Qa5 12.Qb3 Bg4 13.Re3 Rac8 14.Ba3 Bh6 15.Rd3 Bf5
16.Rdd1 Bc2 17.Qxc2 Qxb5 18.Qb3 Qa6 19.Ne1 Rc7 20.Nd3 b6 21.f4 Rd8 22.Qb2 Rdc8
23.Rac1 Qc4 24.e6 fxe6 25.Qf2 Bg7 26.Qe3 Nd8 27.g4 Qa4 28.Bb2 Qd7 29.Rd2 Nb7
30.Rg2 Nd6 31.h4 Nc4 32.Qe2 Nxb2 33.Qxb2 Rxc3 34.Rxc3 Bxd4+ 35.Kh2 Rxc3 36.Qe2 Bg7
37.h5 Rc4 38.hxg6 hxg6 39.g5 Re4 40.Qg4 Qd6 41.Rc2 Rc4 42.Re2 e5 43.Qh3 e4  0-1

[Event "Open Dutch Championship"]
[Site "Dieren NED"]
[Date "2005.07.30"]
[Round "5"]
[White "Senff,M"]
[Black "Nijboer,F"]
[Result "0-1"]
[WhiteElo "2467"]
[BlackElo "2529"]

1.e4 c5 2.Nf3 Nc6 3.Bb5 e6 4.O-O Nge7 5.c3 a6 6.Ba4 b5 7.Bc2 Bb7 8.Qe2 Ng6
9.d4 cxd4 10.cxd4 Be7 11.Rd1 O-O 12.d5 exd5 13.exd5 Na5 14.a4 b4 15.b3 Re8
16.Qd3 Rc8 17.Ra2 Rc5 18.Qf5 Qa8 19.Be4 Nxb3 20.Be3 Bf6 21.Bxc5 Nxc5 22.Nbd2 d6
23.Re1 Re7 24.Qh5 Qe8 25.Rb1 Nxe4 26.Rxb4 Nxd2 27.Nxd2 Bc3  0-1

[Event "15th ETC Women"]
[Site "Gothenburg SWE"]
[Date "2005.07.30"]
[Round "1"]
[White "Kosintseva,T"]
[Black "Kaps,D"]
[Result "1-0"]
[WhiteElo "2477"]
[BlackElo "2319"]

1.e4 c5 2.Nf3 Nc6 3.Bb5 e6 4.O-O Nge7 5.c3 a6 6.Ba4 Ng6 7.d4 b5 8.Bc2 cxd4
9.Nxd4 Bb7 10.f4 Bc5 11.Kh1 Rc8 12.Be3 Qb6 13.f5 Nge5 14.Nxc6 Qxc6 15.Bf4 Nc4
16.Qg4 g6 17.Nd2 h5 18.Qh3 gxf5 19.Nxc4 bxc4 20.Be5 Rg8 21.Qxh5 d6 22.Bd4 Rg6
23.Rad1 Ke7 24.Qh4+ Kd7 25.Qh7 Ke7 26.Qh4+ Kd7 27.Rf2 Rcg8 28.Rfd2 Bxd4 29.cxd4 fxe4
30.d5 exd5 31.Qf4 e3 32.Qxf7+ Kc8 33.Bxg6 Rxg6 34.Qxg6 exd2 35.Rxd2 Qc5 36.Qg4+ Kb8
37.Qd4 Qc7 38.Rf2 Qe7 39.h4  1-0

[Event "15th ETC Women"]
[Site "Gothenburg SWE"]
[Date "2005.07.30"]
[Round "1"]
[White "Gaponenko,I"]
[Black "Johansson,V"]
[Result "0-1"]
[WhiteElo "2439"]
[BlackElo "2218"]

1.e4 c5 2.Nf3 Nc6 3.Bb5 d6 4.O-O Bd7 5.Re1 Nf6 6.c3 a6 7.Bf1 e5 8.h3 Be7
9.d4 O-O 10.d5 Nb8 11.a4 Bc8 12.b4 Nbd7 13.Ba3 b6 14.Nbd2 Ne8 15.Nc4 g6 16.Qc2 f5
17.exf5 gxf5 18.bxc5 bxc5 19.Rab1 a5 20.Bc1 Rf7 21.Nh2 Bf8 22.Nf3 Be7 23.Nh2 Bf8
24.Bd2 Ng7 25.f4 e4 26.g4 fxg4 27.Nxg4 Nf5 28.Qxe4 Nf6 29.Nxf6+ Qxf6 30.Re2 Nh4
31.Rbe1 Rg7+ 32.Kh2 Bf5 33.Qh1 Qg6 34.Re3 Be4 35.Bd3 Bxd3 36.Nb6 Rd8 37.Bc1 Qf5
38.Rg3 Rxg3 39.Kxg3 Qh5 40.Kf2 Bg6 41.Rg1 Qf5 42.Nc4 Qc2+ 43.Nd2 Qxc3 44.Rg4 Nf5
45.Qe1 Qd4+ 46.Kf3 Qxd5+ 47.Kf2 Bg7 48.Ne4 Qd4+ 49.Kf3 Re8 50.Rxg6 hxg6 51.Nf6+ Qxf6
52.Qxe8+ Kh7  0-1

[Event "15th ETC Women"]
[Site "Gothenburg SWE"]
[Date "2005.07.30"]
[Round "1"]
[White "Dembo,Y"]
[Black "Kopinits,A"]
[Result "1-0"]
[WhiteElo "2428"]
[BlackElo "2124"]

1.e4 c5 2.Nf3 Nc6 3.Bb5 g6 4.O-O Bg7 5.c3 Nf6 6.e5 Nd5 7.d4 cxd4 8.cxd4 O-O
9.Nc3 Nc7 10.Re1 Nxb5 11.Nxb5 a6 12.Nc3 d6 13.exd6 Qxd6 14.d5 Nb4 15.Bg5 Re8
16.Re4 Bf5 17.Rh4 Rad8 18.Nd4 Bxd4 19.Rxd4 Nc2 20.g4 Nxd4 21.Qxd4 Bc8 22.Re1 b5
23.Ne4 Qd7 24.h3 f5 25.Bh6 e5 26.Nf6+ Kf7 27.Rxe5 Qd6 28.Nxe8 Rxe8 29.Rxf5+ Ke7
30.Rf7+  1-0

[Event "Open A"]
[Site "Pardubice CZE"]
[Date "2005.07.30"]
[Round "9"]
[White "Kabanov,N"]
[Black "Hausrath,D"]
[Result "1-0"]
[WhiteElo "2508"]
[BlackElo "2463"]

1.e4 c5 2.Nf3 Nc6 3.Bb5 Nf6 4.Bxc6 dxc6 5.d3 g6 6.h3 Bg7 7.Nc3 Nd7 8.Be3 e5
9.Qd2 Qe7 10.Bh6 f6 11.Nh2 Nf8 12.Bxg7 Qxg7 13.f4 exf4 14.Qxf4 Ne6 15.Qf2 O-O
16.O-O Nd4 17.Rae1 Be6 18.Nd1 b6 19.c3 Nb5 20.Ne3 Rad8 21.Neg4 Rxd3 22.Nxf6+ Kh8
23.e5 Qh6 24.Nf3 Nc7 25.Re4 g5 26.h4 g4 27.Ng5 g3 28.Qf4 Qg7 29.Nxe6 Nxe6
30.Qf5 Qf7 31.Rg4 Rfd8 32.h5 Rd1 33.Rxg3  1-0

[Event "10th Open"]
[Site "Creon FRA"]
[Date "2005.08.01"]
[Round "1"]
[White "Dzhumaev,M"]
[Black "Darrigues,A"]
[Result "1-0"]
[WhiteElo "2531"]
[BlackElo "2054"]

1.e4 c5 2.Nf3 Nc6 3.Bb5 g6 4.O-O Bg7 5.c3 e5 6.d4 cxd4 7.cxd4 exd4 8.Bf4 Nge7
9.Bd6 O-O 10.Na3 a6 11.Ba4 b5 12.Bb3 Bb7 13.Rc1 Rc8 14.Qd2 h6 15.Rfe1 Re8
16.Qf4 Rf8 17.h4 d3 18.Nb1 Qe8 19.Qd2 Nd4 20.Nxd4 Rxc1 21.Qxc1 Bxd4 22.Qxh6 Bxb2
23.e5 Nd5 24.Nd2 f6 25.Nf3 Qf7 26.Bxf8 Qxf8 27.Qd2 Ba3 28.Qxd3 Qf7 29.Rd1  1-0

[Event "10th Open"]
[Site "Creon FRA"]
[Date "2005.08.01"]
[Round "1"]
[White "Beudaert,X"]
[Black "Favarel,A"]
[Result "1-0"]
[WhiteElo "2358"]
[BlackElo "1980"]

1.e4 c5 2.Nf3 Nc6 3.Bb5 g6 4.Bxc6 dxc6 5.d3 Bg7 6.O-O Nf6 7.h3 Nd7 8.Nc3 e5
9.Bg5 f6 10.Be3 Qe7 11.Qd2 Nf8 12.Na4 b6 13.a3 Ba6 14.b4 c4 15.Qc3 Ne6 16.Nb2 cxd3
17.Qxc6+ Kf7 18.cxd3 Rhd8 19.Rfd1 Nf4 20.Bxf4 exf4 21.Qa4 Bc8 22.Rac1 f5
23.Re1 b5 24.Qc2 Be6 25.exf5 gxf5  1-0

[Event "15th ETC Women"]
[Site "Gothenburg SWE"]
[Date "2005.08.01"]
[Round "3"]
[White "Agrest,S"]
[Black "Vega Gutierrez,S"]
[Result "1-0"]
[WhiteElo "2270"]
[BlackElo "2262"]

1.e4 c5 2.Nf3 Nc6 3.Bb5 e6 4.O-O Nge7 5.Re1 a6 6.Bxc6 Nxc6 7.d4 cxd4 8.Nxd4 d6
9.Nc3 Be7 10.Nxc6 bxc6 11.Qg4 O-O 12.Bh6 Bf6 13.e5 dxe5 14.Ne4 Kh8 15.Rad1 Qe7
16.Be3 Rg8 17.Bc5 Qe8 18.Nd6 Qf8 19.Qh5 g6 20.Qf3 Be7 21.Nxf7+ Kg7 22.Bxe7 Qxf7
23.Qa3 Re8 24.Bd6 Kg8 25.Qc5 Ra7 26.Bxe5 Rd7 27.Bc3 Rd5 28.Rxd5 exd5 29.Rxe8+ Qxe8
30.Qd4 Qd7 31.Qh8+ Kf7 32.Qxh7+ Ke8 33.Qxg6+  1-0

[Event "15th ETC Women"]
[Site "Gothenburg SWE"]
[Date "2005.08.02"]
[Round "4"]
[White "Lallemand,R"]
[Black "Lomineishvili,M"]
[Result "1-0"]
[WhiteElo "2287"]
[BlackElo "2420"]

1.e4 c5 2.Nf3 Nc6 3.Bb5 d6 4.d4 cxd4 5.Qxd4 Bd7 6.Bxc6 Bxc6 7.Nc3 Nf6 8.Bg5 e6
9.O-O-O Be7 10.Rhe1 O-O 11.Qd2 Qa5 12.Kb1 Qa6 13.Nd4 Rfc8 14.f3 Be8 15.h4 b5
16.g4 b4 17.Nce2 Qb7 18.Ng3 a5 19.Rg1 a4 20.Nh5 Nxh5 21.gxh5 b3 22.cxb3 axb3
23.a3 Kh8 24.Bh6 Bf6 25.Bxg7+ Bxg7 26.Rxg7 Kxg7 27.Rg1+ Kf8 28.Nf5 Rc1+ 29.Rxc1 exf5
30.Qxd6+  1-0

[Event "92nd ch-GBR"]
[Site "Douglas IOM"]
[Date "2005.08.03"]
[Round "3"]
[White "Littlewood,P"]
[Black "Sowray,P"]
[Result "1-0"]
[WhiteElo "2355"]
[BlackElo "2364"]

1.e4 c5 2.Nf3 Nc6 3.Bb5 g6 4.Bxc6 dxc6 5.d3 Bg7 6.h3 e5 7.Be3 Qe7 8.Nbd2 Nf6
9.Nc4 Nd7 10.Qd2 b6 11.O-O Nf8 12.a3 Ba6 13.Qc3 Bxc4 14.Qxc4 Qe6 15.Qa6 Nd7
16.b4 cxb4 17.axb4 O-O 18.Nd2 Rfc8 19.Qc4 Qe7 20.Ra6 b5 21.Qb3 c5 22.Rfa1 cxb4
23.Rxa7 Rxa7 24.Rxa7 Qd6 25.Nf3 Rc3 26.Qd5 Qxd5 27.exd5 Nf8 28.Bd2 Rc5 29.d6 b3
30.cxb3 Rd5 31.Bb4 Rxd3 32.Ra8 e4 33.Nd2 Rd4 34.Nxe4 Rd1+ 35.Kh2 f5 36.Nd2 Be5+
37.g3 Kg7 38.d7 Nxd7 39.Ra7 f4 40.Rxd7+ Kg8 41.Kg2 fxg3 42.fxg3 Bg7 43.Kf2 h5
44.h4 Bb2 45.Rd5 Bc1 46.Ne4  1-0

[Event "15th ETC Women"]
[Site "Gothenburg SWE"]
[Date "2005.08.03"]
[Round "5"]
[White "Genova,Li"]
[Black "Arakhamia,K"]
[Result "1/2-1/2"]
[WhiteElo "2235"]
[BlackElo "2423"]

1.e4 c5 2.Nf3 Nc6 3.Bb5 e6 4.O-O Nge7 5.b3 a6 6.Bxc6 Nxc6 7.Bb2 b5 8.c4 Bb7
9.d3 b4 10.Nbd2 d6 11.h3 e5 12.Nh2 Be7 13.f4 O-O 14.f5 Bg5 15.Ndf3 Bf4 16.Bc1 Bxc1
17.Rxc1 a5 18.Ng4 f6 19.Ne3 a4 20.Rf2 axb3 21.axb3 Ra3 22.g4 Nd4 23.Nxd4 exd4
24.Nf1 Qe7 25.Nd2 Rfa8 26.Qf1 Qe5 27.Rg2 Ra2 28.h4 h6 29.Rd1 Bc6 30.g5 fxg5
31.hxg5 hxg5 32.Rxg5 Be8 33.Rg2 Bh5 34.Re1 Rf8 35.Qf2 Rf6 36.Qh4 Rh6 37.Qg5 Kh7
38.Rf1 Qf6 39.Qf4 Qe5 40.Qg5 Qf6 41.Qg3 Ra3 42.Re1 Qe5 43.Qg5 Ra2 44.Rf1  1/2-1/2

[Event "15th ETC Women"]
[Site "Gothenburg SWE"]
[Date "2005.08.03"]
[Round "5"]
[White "Kopinits,A"]
[Black "Ptacnikova,L"]
[Result "1-0"]
[WhiteElo "2124"]
[BlackElo "2204"]

1.e4 c5 2.Nf3 Nc6 3.Bb5 g6 4.Bxc6 dxc6 5.d3 Bg7 6.h3 Nf6 7.Nc3 Nd7 8.Be3 e5
9.Qd2 Qe7 10.Bh6 f6 11.Bxg7 Qxg7 12.Nh2 g5 13.h4 g4 14.h5 Rg8 15.O-O-O Qg5
16.f3 Nf8 17.Ne2 gxf3 18.gxf3 Qxh5 19.Kb1 Qf7 20.f4 Bh3 21.Qe3 Bg2 22.Rhg1 Qh5
23.Nf1 exf4 24.Qf2 f3 25.Nf4 Qg4 26.Nxg2 fxg2 27.Ne3 Qg3 28.Rxg2 Qxf2 29.Rxf2 Ke7
30.Kc1 Ne6 31.Rh1 Ng5 32.Rf4 Raf8 33.Nf5+ Ke6 34.c3 Rd8 35.Kc2 Rd7 36.Rhf1 Nh3
37.R4f3 Rg2+ 38.Kb3 Ng5 39.Re3 b5 40.d4 c4+ 41.Kb4 Rxb2+ 42.Kc5 Rc7 43.e5 Kd7
44.exf6 Ne6+ 45.Rxe6 Kxe6 46.Nd6 b4 47.f7 Rxf7 48.Nxf7 bxc3 49.Nd8+ Kd7 50.Nxc6 c2
51.Rc1 Rxa2 52.d5 h5 53.d6 Rb2 54.Ne5+ Ke6 55.d7  1-0

[Event "Inline Czechia Cup IMA"]
[Site "Olomouc CZE"]
[Date "2005.08.03"]
[Round "1"]
[White "Krupa,M"]
[Black "Salai,L"]
[Result "1/2-1/2"]
[WhiteElo "2275"]
[BlackElo "2378"]

1.e4 c5 2.Nf3 Nc6 3.Bb5 g6 4.O-O Bg7 5.c3 Nf6 6.Re1 O-O 7.d4 d5 8.e5 Ne4
9.Bxc6 bxc6 10.Nbd2 cxd4 11.cxd4 c5 12.dxc5 Nxc5 13.Nb3 Nxb3 14.Qxb3 Qb6
15.Be3 Qxb3 16.axb3 Bg4 17.Bxa7 Bxf3 18.gxf3 Rfc8 19.b4 Rc7 20.Bd4 Rb8 21.Bc5 Bf8
22.e6 fxe6 23.Rxe6 Kf7 24.Rae1 Rbb7 25.R6e5 e6 26.Bxf8  1/2-1/2

[Event "Open Dutch Championship"]
[Site "Dieren NED"]
[Date "2005.08.04"]
[Round "9"]
[White "Boersma,J"]
[Black "Van Eijk,S"]
[Result "0-1"]
[WhiteElo "2237"]
[BlackElo "2154"]

1.e4 c5 2.Nf3 Nc6 3.Bb5 d6 4.O-O Bd7 5.c3 Nf6 6.Qe2 a6 7.Ba4 b5 8.Bc2 e5
9.Rd1 Qc7 10.a4 b4 11.d3 Be7 12.Nbd2 O-O 13.Nc4 Be6 14.h3 bxc3 15.bxc3 d5
16.exd5 Nxd5 17.Bd2 Bf6 18.Re1 e4 19.Ng5 Nxc3 20.Qh5 Bf5 21.Nxe4 Nxe4 22.Qxf5 Nd4
23.Qxe4 Nxc2 24.Rab1 Nxe1 25.Qxe1 Rab8 26.Rc1 Qd8 27.Bf4 Rb3 28.Bd6 Re8 29.Qd1 Rc3
30.Rb1 Qd7 31.Qf3 Rxc4  0-1

[Event "Open Dutch Championship"]
[Site "Dieren NED"]
[Date "2005.08.04"]
[Round "9"]
[White "Rothuis,V"]
[Black "Slingerland,F"]
[Result "1/2-1/2"]
[WhiteElo "2276"]
[BlackElo "2259"]

1.e4 c5 2.Nf3 Nc6 3.Bb5 g6 4.O-O Bg7 5.Re1 Nf6 6.e5 Nd5 7.Nc3 Nc7 8.Bxc6 dxc6
9.h3 O-O 10.d3 Ne6 11.Ne4 b6 12.a4 Nd4 13.Nxd4 cxd4 14.Bf4 Qd5 15.Nd2 Be6
16.Qf3 c5 17.Qxd5 Bxd5 18.b3 h6 19.h4 h5 20.f3 Kh7 21.Kf2 Bh6 22.Bxh6 Kxh6
23.g4 hxg4 24.fxg4 Rae8 25.Kg3 g5 26.h5 f5 27.exf6 exf6 28.Ne4 f5 29.Nd6 Rxe1
30.Rxe1 fxg4 31.Re5 Ba8 32.Re7 Kxh5 33.Rh7+ Kg6 34.Rxa7 Bf3 35.Re7 Rh8 36.Re6+ Kg7
37.Nf5+ Kf7 38.Rxb6 Rh3+ 39.Kf2 Rh2+ 40.Kf1 Rxc2 41.a5 Be2+ 42.Kg1 Ra2 43.b4 Bxd3
44.Nd6+ Ke7 45.bxc5 Rxa5 46.Rb4 Rxc5 47.Rxd4 Rc1+ 48.Kg2 Bf1+ 49.Kg3 Bh3
50.Ne4 Rg1+  1/2-1/2

[Event "92nd ch-GBR"]
[Site "Douglas IOM"]
[Date "2005.08.04"]
[Round "4"]
[White "Eggleston,D"]
[Black "Greet,A"]
[Result "0-1"]
[WhiteElo "2138"]
[BlackElo "2425"]

1.e4 c5 2.Nf3 Nc6 3.Bb5 Nf6 4.e5 Nd5 5.Nc3 Nc7 6.Bxc6 dxc6 7.O-O Bg4 8.d3 e6
9.h3 Bh5 10.Be3 Nd5 11.Ne4 Nxe3 12.fxe3 Bg6 13.Ned2 Be7 14.Qe2 Qd5 15.Qf2 b6
16.e4 Qd7 17.Kh1 Rd8 18.Qg3 h5 19.b3 h4 20.Qf2 Rh5 21.Rae1 Qc7 22.Nb1 Rxe5
23.Nxe5 Qxe5 24.Nd2 Bd6 25.Nf3 Qg3 26.Qxg3 Bxg3 27.Rb1 Ke7 28.Nd2 f6 29.b4 cxb4
30.Rxb4 Be8 31.Rbb1 c5 32.Rfd1 Rd4 33.a3 Bh5 34.Nf3 Ra4 35.Ra1 Be5 36.Ra2 Bc3
37.Rb1 Bxf3 38.gxf3 g5 39.Rb3 Be5 40.c3 c4 41.dxc4 Rxc4 42.Rc2 Bd6 43.Rd2 Rc6
44.Kg2 Kd7 45.f4 gxf4 46.Kf3 Rc5 47.Rg2 Kc6 48.Rg6 Rg5 49.Rxg5 fxg5 50.Kg4 Be7
51.Rb1 b5 52.e5 a5 53.Kh5 f3 54.Kg4 Bxa3 55.Kxg5 f2 56.Kxh4 Bb2 57.Kg3 a4
58.h4 a3  0-1

[Event "15th ETC Women"]
[Site "Gothenburg SWE"]
[Date "2005.08.04"]
[Round "6"]
[White "Jackova,J"]
[Black "Dembo,Y"]
[Result "0-1"]
[WhiteElo "2386"]
[BlackElo "2428"]

1.e4 c5 2.Nf3 Nc6 3.Bb5 g6 4.Bxc6 dxc6 5.d3 Bg7 6.h3 b6 7.O-O e5 8.a4 Ne7
9.Be3 a5 10.Na3 f6 11.Nc4 Be6 12.b3 g5 13.Nfd2 Ng6 14.b4 axb4 15.a5 bxa5
16.Bxc5 Bf8 17.Bb6 Qd7 18.Bxa5 Rb8 19.Bb6 Be7 20.Ra7 Rb7 21.Ra8+ Kf7 22.Rxh8 Nxh8
23.Be3 Ng6 24.h4 h6 25.h5 Nf8 26.Nb6 Qd8 27.Na4 Rb5 28.Nb3 Kg7 29.f3 Bf7
30.g4 Ne6 31.Rf2 Nd4 32.Bxd4 exd4 33.f4 gxf4 34.Rxf4 Qd6 35.Qf3 Be6 36.Qf2 c5
37.Nb2 Qe5 38.Nc4 Qg5 39.Qg3 Rb7 40.Rf2 Rd7 41.Nbd2 Kh7 42.Rg2 Bd8 43.e5 Bxc4
44.Nxc4 fxe5 45.Qf3 Qc1+ 46.Kh2 Qf4+ 47.Rg3 Bh4 48.Qxf4 exf4 49.Rf3 Bg3+
50.Kh3 Re7 51.g5 hxg5 52.Kg4 Bh4 53.Nd6 Re1 54.Nf7 Rg1+ 55.Kf5 Kg7 56.Nd8 Kh6  0-1

[Event "Inline Czechia Cup IMA"]
[Site "Olomouc CZE"]
[Date "2005.08.04"]
[Round "2"]
[White "Krupa,M"]
[Black "Savage,B"]
[Result "1-0"]
[WhiteElo "2275"]
[BlackElo "2300"]

1.e4 c5 2.Nf3 Nc6 3.Bb5 g6 4.O-O Bg7 5.c3 Nf6 6.Re1 O-O 7.Bxc6 bxc6 8.e5 Nd5
9.d4 cxd4 10.Nxd4 Qc7 11.c4 Nb6 12.Qe2 d5 13.cxd5 cxd5 14.Nc3 a6 15.Bf4 Bb7
16.Rac1 Nc4 17.b3 Qb6 18.Red1 Na5 19.Na4 Qb4 20.Qb2  1-0

[Event "15th ETC Women"]
[Site "Gothenburg SWE"]
[Date "2005.08.05"]
[Round "7"]
[White "Dembo,Y"]
[Black "Muzychuk,A"]
[Result "1/2-1/2"]
[WhiteElo "2428"]
[BlackElo "2364"]

1.e4 c5 2.Nf3 Nc6 3.Bb5 Nf6 4.Nc3 Qc7 5.O-O Nd4 6.Re1 a6 7.Bf1 Ng4 8.g3 Nxf3+
9.Qxf3 Ne5 10.Qe2 e6 11.d3 Nc6 12.f4 d6 13.Be3 Be7 14.Nd1 O-O 15.c3 f5 16.exf5 exf5
17.c4 Bf6 18.Nc3 Nd4 19.Qf2 Be6 20.Bg2 Rae8 21.Bd5 Qf7 22.Kg2 Nc6 23.a3 Bxd5+
24.Nxd5 Bd4  1/2-1/2

[Event "Ave-Kontakt Cup IMB"]
[Site "Olomouc CZE"]
[Date "2005.08.05"]
[Round "3"]
[White "Kraemer,Mar"]
[Black "Potapov,P"]
[Result "1/2-1/2"]
[WhiteElo "2377"]
[BlackElo "2285"]

1.e4 c5 2.Nf3 Nc6 3.Bb5 g6 4.Bxc6 dxc6 5.h3 Bg7 6.d3 Nf6 7.Nc3 Nd7 8.Be3 e5
9.Qd2 h6 10.O-O Qe7 11.Nh2 Nf8 12.f4 exf4 13.Bxf4 Ne6 14.Be3 h5 15.Nf3 O-O
16.Rae1 Nd4 17.Bh6 Nxf3+ 18.Rxf3 Bxh6 19.Qxh6 Qe5 20.Ref1 Be6 21.Rf6 Bxh3
22.gxh3  1/2-1/2

[Event "FSGM August"]
[Site "Budapest HUN"]
[Date "2005.08.06"]
[Round "1"]
[White "Franchini,G"]
[Black "Bellin,R"]
[Result "1/2-1/2"]
[WhiteElo "2309"]
[BlackElo "2399"]

1.e4 c5 2.Nf3 Nc6 3.Bb5 d6 4.d4 cxd4 5.Qxd4 Bd7 6.Bxc6 Bxc6 7.Nc3 Nf6 8.Bg5 e6
9.O-O-O Be7 10.Rhe1 O-O 11.Qd2 Qc7 12.Nd4 Rfd8 13.f3 Rab8 14.g4 b5 15.Nce2 h6
16.Be3 Bxe4 17.fxe4 Nxe4 18.Qd3 Nc5 19.Qd2 Ne4 20.Qd3 Nc5 21.Qd2 Ne4  1/2-1/2

[Event "10th Open"]
[Site "Creon FRA"]
[Date "2005.08.06"]
[Round "8"]
[White "Favarel,A"]
[Black "Saucey,M"]
[Result "1-0"]
[WhiteElo "1980"]
[BlackElo "2336"]

1.e4 c5 2.Nf3 Nc6 3.Bb5 g6 4.Bxc6 dxc6 5.d3 Bg7 6.h3 Nf6 7.O-O Nd7 8.Nc3 e5
9.Be3 Qe7 10.Qd2 Nf8 11.a3 Ne6 12.Ng5 Nf4 13.Bxf4 exf4 14.Nf3 g5 15.Rfe1 O-O
16.e5 Bf5 17.d4 cxd4 18.Nxd4 Bg6 19.Qe2 Rad8 20.Rad1 Rfe8 21.Nf3 Rxd1 22.Qxd1 Bh5
23.Qd4 Bxf3 24.gxf3 a6 25.Ne4 Bxe5 26.Qb4 Kg7 27.Nd6 Qxd6 28.Qxd6 Bxd6 29.Rxe8 Kf6
30.Ra8 Ke6 31.Ra7 b5 32.Rxa6 Kd5 33.Ra7 f6 34.Rd7 c5 35.Kf1  1-0

[Event "15th ETC Women"]
[Site "Gothenburg SWE"]
[Date "2005.08.06"]
[Round "8"]
[White "Houska,Jo"]
[Black "Jiretorn,E"]
[Result "1-0"]
[WhiteElo "2342"]
[BlackElo "2134"]

1.e4 c5 2.Nf3 Nc6 3.Bb5 g6 4.O-O Bg7 5.c3 Nf6 6.e5 Nd5 7.d4 cxd4 8.cxd4 O-O
9.Nc3 Nxc3 10.bxc3 d6 11.exd6 Qxd6 12.Re1 a6 13.Bxc6 bxc6 14.a4 Re8 15.Ba3 Qc7
16.Ne5 Be6 17.Qd3 a5 18.Bc5 Rab8 19.h4 Rb3 20.h5 Bd5 21.hxg6 hxg6 22.Ra3 Rxa3
23.Bxa3 Bxe5 24.Rxe5 Kg7 25.c4 Be6 26.Bb2 Rb8 27.Re2 Bf5 28.d5+ f6 29.Qa3 c5
30.Qe3 Kf7 31.Qh6 Rg8 32.Bc3 Bd3 33.Re6 Qd7 34.Qf4 g5 35.Qg4 Qxa4 36.Re3 Qxc4
37.Qe6+ Kg6 38.Qxg8+ Kf5 39.Qh7+  1-0

[Event "15th ETC Women"]
[Site "Gothenburg SWE"]
[Date "2005.08.06"]
[Round "8"]
[White "Zaksaite,S"]
[Black "Vega Gutierrez,S"]
[Result "1-0"]
[WhiteElo "2237"]
[BlackElo "2262"]

1.e4 c5 2.Nf3 Nc6 3.Bb5 e6 4.O-O Nge7 5.b3 Nd4 6.Nxd4 cxd4 7.Bb2 Qb6 8.a4 e5
9.Na3 Ng6 10.c3 a6 11.Be2 Nf4 12.Nc4 Qg6 13.g3 d3 14.Bf3 d6 15.Kh1 Ne6 16.Ba3 Ng5
17.Nb6 Rb8 18.Nxc8 Rxc8 19.Bg2 Be7 20.f4 Nxe4 21.f5 Nxg3+ 22.hxg3 Qxg3 23.Bxb7 Qh3+
24.Kg1 Bd8 25.Qf3 Bb6+ 26.Rf2 Qxf3 27.Bxf3 Ke7 28.Re1 f6 29.Kg2 Bxf2 30.Kxf2 g6
31.Be4 g5 32.Bxd3 a5 33.b4 axb4 34.cxb4 h5 35.b5 Ra8 36.Ra1 Kd7 37.Bb4 d5
38.b6 Kc6 39.a5 e4 40.Rc1+ Kb7 41.Rc7+ Kb8 42.Bd6 Rd8 43.Rd7+ Kc8 44.Rxd8+ Kxd8  1-0

[Event "ch-IRI Semi-Final"]
[Site "Tehran IRI"]
[Date "2005.08.06"]
[Round "4"]
[White "Toufighi,H"]
[Black "Banirashid,S"]
[Result "1/2-1/2"]
[WhiteElo "2170"]
[BlackElo "2242"]

1.e4 c5 2.Nf3 Nc6 3.Bb5 e6 4.Bxc6 bxc6 5.O-O d5 6.Nc3 Nf6 7.e5 Nd7 8.d4 Rb8
9.Rb1 Qc7 10.Re1 h6 11.Bf4 Be7 12.Ne2 cxd4 13.Nexd4 c5 14.Ne2 Nf8 15.Bg3 Ng6
16.h4 Bb7 17.h5 Nf8 18.c3 Bc6 19.Qd2 Nh7 20.Bf4 O-O 21.b4 Rfc8 22.bxc5 Bxc5
23.Ned4 Ba4 24.Nb3 Ba3 25.Re3 Bb5 26.Nfd4 Bc4 27.Rbe1 a5 28.Qd1 a4 29.Nd2 Qd7
30.Qg4 Kh8 31.Rg3 Rg8 32.N2f3 Be7 33.a3 Bxa3 34.Nh4 Rbe8 35.Ree3 Bc5 36.Ref3 Bxd4
37.Bc1 Ng5 38.Bxg5 Bxe5 39.Bf4 Bxf4 40.Qxf4 a3 41.Qc1 a2 42.Kh2 Ra8 43.Rf6 Kh7
44.Qc2+ Kh8 45.Qc1 Kh7 46.Qc2+ Kh8  1/2-1/2

[Event "American Continental"]
[Site "Buenos Aires ARG"]
[Date "2005.08.07"]
[Round "2"]
[White "Uribe,M"]
[Black "Malajovich,S"]
[Result "1-0"]
[WhiteElo "2373"]
[BlackElo "2126"]

1.e4 c5 2.Nf3 Nc6 3.Bb5 d6 4.O-O e5 5.c3 Ne7 6.d4 a6 7.Bc4 b5 8.Bd5 Nxd5
9.exd5 Ne7 10.dxe5 dxe5 11.d6 Nc6 12.Nxe5 Nxe5 13.Qd5 Be6 14.Qxe5 Qxd6 15.Qg5 Be7
16.Bf4 Bxg5 17.Bxd6 Rc8 18.f4 Be7 19.Bxe7 Kxe7 20.Nd2 Rhd8 21.Rf2 f6 22.Nf1 Rd3
23.Re1 Kf7 24.Rfe2 Re8 25.Ng3 Bd7 26.Ne4 c4 27.Kf2 Rd5 28.a3 Bc6 29.Ng3 Rxe2+
30.Rxe2 Bd7 31.Nf1 a5 32.Rd2 Bc6 33.Rxd5 Bxd5 34.Ne3 Be4 35.a4 Bc6 36.axb5 Bxb5
37.Nf5 Ba6 38.Ke3 g6 39.Nd4 Bb7 40.g3 Bg2 41.h4 Ke7 42.Nc2 Kd6 43.Kd4 Kc6
44.Ne3 Bf3 45.Nxc4 a4 46.Nd2 Bd5 47.c4 Bf7 48.Ne4 f5 49.Nc3 Kb6 50.Nxa4+ Ka5
51.Nc3 Kb4 52.Nd5+ Kb3 53.c5 Kxb2 54.c6 Kc2 55.c7 Be6 56.Nb6 Kd2  1-0

[Event "10th Open"]
[Site "Creon FRA"]
[Date "2005.08.07"]
[Round "9"]
[White "Dzhumaev,M"]
[Black "Favarel,A"]
[Result "1-0"]
[WhiteElo "2531"]
[BlackElo "1980"]

1.e4 c5 2.Nf3 Nc6 3.Bb5 g6 4.O-O Bg7 5.c3 Nf6 6.Re1 O-O 7.e5 Nd5 8.d4 cxd4
9.cxd4 Nc7 10.Nc3 d5 11.Bxc6 bxc6 12.h3 Ne6 13.b3 f5 14.exf6 Bxf6 15.Bh6 Re8
16.Rc1 Qd6 17.Ne5 Bg5 18.Bxg5 Nxg5 19.Qd2 Qf6 20.f4 Ne6 21.Ne2 Nd8 22.Qa5 Qd6
23.Rc3 Bb7 24.f5 gxf5 25.Rg3+ Kh8 26.Qxd8  1-0

[Event "Agentura 64 Cup IMC"]
[Site "Olomouc CZE"]
[Date "2005.08.07"]
[Round "7"]
[White "Abdul,Majee"]
[Black "Jurcik,Mari"]
[Result "0-1"]
[WhiteElo "2318"]
[BlackElo "2342"]

1.e4 c5 2.Nf3 Nc6 3.Bb5 e6 4.Bxc6 bxc6 5.d3 d6 6.O-O e5 7.h3 Be7 8.c3 Nf6
9.Re1 O-O 10.d4 cxd4 11.cxd4 exd4 12.Nxd4 Qb6 13.Nc3 Re8 14.Nb3 Be6 15.Be3 Qb7
16.Re2 Bf8 17.Na5 Qa6 18.Qa4 Bd7 19.Bg5 Re5 20.Bxf6 Rxa5 21.Qd4 gxf6 22.Re3 Rg5
23.f4 Rg7 24.Rae1 Be7 25.Kh1 Qb6 26.Qd2 Rb8 27.b3 Kh8 28.R3e2 Rbg8 29.f5 Bc8
30.Qf4 Qd4 31.Nd1 Qe5 32.Qc1 Ba6 33.Rf2 d5 34.Qxc6 Bd6 35.g4 Bb4 36.Re3 d4  0-1